| 000 | 01594nam a22003017a 4500 | ||
|---|---|---|---|
| 005 | 20260410124346.0 | ||
| 007 | ta | ||
| 008 | 260410b |||||||| ||2022| 0 spag d | ||
| 020 | _a9789972794438 | ||
| 040 |
_apelieoe _bspa _cpelieoe _espa |
||
| 050 |
_aHN 3473.5 _bS68 2022 |
||
| 100 | 1 |
_aSoto Guevara, Martín _916763 _eautor |
|
| 245 | 1 | 0 |
_aRevolución ciudadana : _bla inédita revolución en el Perú y la formación de la nación : camino hacia el progreso y vida digna de todos los peruanos / _cMartín Soto Guevara. |
| 250 | _aPrimera edición. | ||
| 264 |
_a[Lima] ]; _bFondo Editorial EDUNI, Universidad Nacional de Ingeniería, _c2022 |
||
| 300 | _a277 páginas | ||
| 336 |
_atexto _btxt |
||
| 337 |
_asin mediación _bn |
||
| 338 |
_2volumen _ardacarrier |
||
| 504 | _aIncluye referencias bibliográficas, páginas 275-277 | ||
| 505 | _gVolver a vivir, Apuntes y relatos de la historia de la violencia política en Huancavelica: la victoriosa resistencia de las comunidades campesinas -- Cabalgando Hacia el futuro, las 5 marchas cívicas y pacíficas de los Huancavelicanos hasta Lima -- Huellas e hitos, La Revolución Ciudadana en el Perú -- La Revolución Ciudadana, Sus Aportes y Avances a la Formación de la Nación Peruana. | ||
| 541 | _3Libro | ||
| 650 | 0 |
_aMovimientos sociales _96125 _xAspectos políticos -- Historia _ySiglo XXI _zPerú |
|
| 650 | 0 |
_aParticipación política _xHistoria _91627 |
|
| 651 | 0 |
_aPerú _xPolítica y gobierno _93299 _y]Siglo XXI |
|
| 651 | 0 |
_aPerú _xCondiciones sociales _y1968- _91053 |
|
| 942 |
_2lcc _cBK _e2022 _hHN _k3473.5 _mS68 |
||
| 999 |
_c10367 _d10367 |
||